Tile quiz: countries of animals - Statistics

General Stats
  • This quiz has been taken 37 times
  • The average score is 30 of 45
Answer Stats
Question Tile Select % Correct
Elephant Algeria No
91%
Penguin Guyana No
91%
Elephant Thailand Yes
91%
Ostrich Jordan No
88%
Ostrich Zimbabwe Yes
88%
Ostrich Bangladesh No
85%
Bear Finland Yes
85%
Ostrich Libya No
85%
Elephant Madagascar No
85%
Elephant Philippines No
85%
Elephant Zambia Yes
85%
Ostrich Tanzania Yes
82%
Bear Honduras No
79%
Bear Portugal No
79%
Penguin Seychelles No
79%
Ostrich South Africa Yes
79%
Flamingo Canada No
76%
Bear Congo No
76%
Flamingo Monaco No
74%
Penguin Australia Yes
71%
Bear Iceland No
71%
Penguin South Africa Yes
71%
Flamingo Malawi Yes
68%
Penguin Mozambique No
68%
Penguin Norway No
68%
Elephant Pakistan No
68%
Flamingo Taiwan No
65%
Bear Peru Yes
62%
Penguin Ecuador Yes
59%
Ostrich South Sudan Yes
59%
Bear Tajikistan Yes
59%
Elephant Sudan No
56%
Penguin USA No
56%
Flamingo Chile Yes
53%
Flamingo Nigeria Yes
53%
Flamingo Sri Lanka Yes
53%
Elephant Indonesia Yes
50%
Penguin Madagascar No
50%
Bear Turkey Yes
44%
Elephant Burkina Faso Yes
38%
Bear Italy Yes
38%
Ostrich Niger Yes
38%
Ostrich Mauritania Yes
26%
Flamingo Kazakhstan Yes
24%
Flamingo Iraq Yes
21%
No matching quizzes found
Score Distribution
Percent of People with Each Score
Percentile by Number Answered
Your Score History
You have not taken this quiz